| 000 | 00380nam a22001577a 4500 | ||
|---|---|---|---|
| 003 | OSt | ||
| 020 | _a9780199584796 | ||
| 040 |
_c0 _d0 |
||
| 082 |
_222 _a658.4038 |
||
| 100 | _aHislop, Donald. | ||
| 245 | _aKnowledgement in organizations / | ||
| 250 | _a2nd ed. | ||
| 260 |
_aNew Delhi, _bOxford University, _cc2012. |
||
| 300 |
_axxi, 310 p. ; _bill. ; _c24 cm. |
||
| 942 |
_2ddc _cMAG |
||
| 999 |
_c4914 _d4914 |
||